Toutes les communes de France a être desservie par le tramways - Statistiques

Statistiques générales
  • Ce quiz a été pris 133 fois
    131 depuis la dernière actualisation
  • Le résultat moyen est 31 sur 114
Statistiques - réponses
Indice Réponse % Correct
SYTRAL Lyon
82%
RD BREST Brest
79%
RTM Marseille
78%
ILÉVIA Lille
75%
TBM Bordeaux
74%
TAN Nantes
74%
CTS Strasbourg
70%
TISSÉO Toulouse
68%
TAM Montpellier
66%
SYTRAL Villeurbanne
65%
M TAG Grenoble
65%
ASTUCE Rouen
57%
DIVIA Dijon
56%
RLA Nice
56%
TAO Orléans
56%
STAS Saint-Étienne
56%
IRIGO Angers
55%
ILÉVIA Roubaix
55%
TWISTO Caen
54%
LIA Le Havre
54%
MARS Reims
52%
T2C Clermont-Ferrand
51%
ILÉVIA Tourcoing
51%
SOLÉA Mulhouse
50%
FIL BLEU Tours
50%
TBM Mérignac
47%
TBM Pessac
46%
SETRAM Le Mans
45%
GINKO Besançon
43%
SYTRAL Bron
43%
SYTRAL Saint-Priest
40%
TAN Saint-Herblain
38%
M TAG Echirolles
34%
ORIZO Avignon
33%
TAN Rezé
33%
TBM Talence
33%
TBM Begles
32%
TISSÉO Blagnac
32%
SYTRAL Decines
30%
SYTRAL Meyzieu
30%
SIMOUV Valenciennes
30%
Transport du pays de l'étoile(RTM) Aubagne
29%
CTS Illkirch-Graffenstaden
28%
M TAG Saint Martin d'Hères
27%
TBM Bruges
26%
TAO Olivet
26%
CTS Schiltigheim
26%
TBM Villenave d'Ornon
26%
TAM Lattes
25%
M TAG Fontaine
24%
TBM Lormont
23%
TAN Orvault
23%
TBM Cenon
22%
ILÉVIA Croix
22%
TBM Eysines
21%
TAO Fleury les Aubrais
21%
BVB Saint-Louis
21%
TBM Le Bouscat
20%
ILÉVIA Marcq en Baroeul
20%
TPG Annemasse
19%
TAM Castelnau le Lez
19%
TWISTO Hérouville-Saint-Clair
19%
FIL BLEU Joué-lès-Tours
19%
ILÉVIA Wasquehal
19%
DIVIA Chenôve
18%
TWISTO Ifs
18%
CTS Lingolsheim
18%
ASTUCE Sotteville-lès-Rouen
18%
TBM Blanquefort
17%
TAM Saint Jean de Védas
17%
ASTUCE Grand-Quevilly
16%
RD BREST Guipavas
16%
ASTUCE Petit-Quevilly
16%
ASTUCE Saint-Etienne-du-Rouvray
16%
TAO Saint Jean de Braye
16%
M TAG Seyssins
16%
TBM Floirac
15%
ILÉVIA La Madeleine
15%
CTS Bischheim
14%
TAO Saint Jean de la Ruelle
14%
TBM Le Haillan
13%
CTS Hoenheim
12%
DIVIA Quetigny
12%
IRIGO Avrillé
11%
SIMOUV Denain
11%
M TAG Gières
11%
TAM Juvignac
11%
CTS Kehl
11%
M TAG Saint-Égreve
11%
M TAG Seyssinet-Pariset
11%
RD BREST Gouesnou
8%
TAO La Chapelle-Saint-Mesmin
8%
CTS Ostwald
8%
SIMOUV Anzin
7%
SOLÉA Lutterbach
7%
GINKO Chalezeule
6%
TWISTO Fleury-sur-Orne
6%
STAS Saint-Priest-en-Jarez
6%
M TAG Fontanil-Cornillon
5%
MARS Bézannes
4%
TAM Jacou
4%
ILÉVIA Mouvaux
4%
TISSÉO Beauzelle
3%
M TAG Saint-Martin le Vinoux
3%
SIMOUV Vieux-Condé
3%
SIMOUV Condé-sur-l'Escaut
2%
SIMOUV Bruay-sur-L'Escaut
1%
SYTRAL Colombier-Saugnieu
1%
SIMOUV Escautpont
1%
SIMOUV Famars
1%
SIMOUV Aulnay-lez-Valenciennes
0%
SIMOUV Fresnes-sur-l'Escaut
0%
SIMOUV Hérin
0%
SIMOUV La Sentinelle
0%
Aucun quiz correspondant
Distribution des résultats
% des personnes avec chaque résultat
Percentile par nombre de réponses
Votre historique - résultats
Vous n’avez pas pris ce quiz depuis la dernière actualisation